Latin America in the world economy : (Record no. 2096)

MARC details
000 -LEADER
fixed length control field 00988nac a22002291u 4500
010 ## - LIBRARY OF CONGRESS CONTROL NUMBER
LC control number 00039879
020 ## - INTERNATIONAL STANDARD BOOK NUMBER
International Standard Book Number 081333747X (pbk. : alk. paper)
082 00 - DEWEY DECIMAL CLASSIFICATION NUMBER
Classification number 337.8
Item number W3791
090 ## - LOCALLY ASSIGNED LC-TYPE CALL NUMBER (OCLC); LOCAL CALL NUMBER (OCLC)
-- 2096
-- 2096
100 ## - MAIN ENTRY--PERSONAL NAME
Personal name Weaver, Frederick Stir
245 10 - TITLE STATEMENT
Title Latin America in the world economy :
Remainder of title mercantile colonialism to global capitalism /
Statement of responsibility, etc Frederick Stirton Weaver.
260 ## - PUBLICATION, DISTRIBUTION, ETC. (IMPRINT)
Place of publication, distribution, etc Boulder, CO :
Name of publisher, distributor, etc Westview Press,2000
Date of publication, distribution, etc 2000.
300 ## - PHYSICAL DESCRIPTION
Extent xvii, 252 p. ;
Dimensions 23 cm.
490 1# - Series Statement
Series statement Latin American perspectives
504 ## - BIBLIOGRAPHY, ETC. NOTE
Bibliography, etc Includes bibliographical references (p. [211]-240) and index.
651 #0 - SUBJECT ADDED ENTRY--GEOGRAPHIC NAME
Geographic name Latin America
General subdivision Foreign economic relations.
651 #0 - SUBJECT ADDED ENTRY--GEOGRAPHIC NAME
Geographic name Latin America
General subdivision Economic conditions.
651 #0 - SUBJECT ADDED ENTRY--GEOGRAPHIC NAME
Geographic name Latin America
General subdivision Economic policy.
830 #0 - SERIES ADDED ENTRY--UNIFORM TITLE
Uniform title Latin American perspectives (Boulder, Colo.)
942 ## - ADDED ENTRY ELEMENTS (KOHA)
Item type Book - Borrowing
Call number prefix 337.8W3791
Holdings
Withdrawn status Item status Damaged status Not for loan Home library Current library Shelving location Date acquired Source of acquisition Total Checkouts Total Renewals Full call number Barcode Date last seen Date last borrowed Cost, replacement price Koha item type
        Central Library Central Library First floor 07/02/2011 Purchase 5 5 337.8 WEA 000002256 15/07/2025 07/12/2020 145.20 Book - Borrowing